Effect of stress on job-satisfaction and work-values among teachers

Bibliographic Details
Main Author: Singh, Poonam
Format: Book
Published: New Dehli : adhyayan publishers and distributors , 2007
Subjects:

MARC

LEADER 00000cam a2200000 7i4500
001 0000017782
005 20080604.0
008 080529
020 |a 8184350244 
090 0 0 |a 370.15   |b SIN 
100 0 |a Singh, Poonam 
245 1 0 |a Effect of stress on job-satisfaction and work-values among teachers   |c Poonam Singh 
260 |a New Dehli :   |b adhyayan publishers and distributors ,   |c 2007 
500 |a Include index 
504 |a Includes bibliographical references 
650 0 |a Teachers 
999 |a 0001019633   |b Book   |c REFERENCE   |e Perbadanan Perpustakaan Awam Johor